[Event "Winnipeg TNT September op"]
[Site "Winnipeg CAN"]
[Date "2009.09.15"]
[Round "2"]
[White "Lipic, Stephen"]
[Black "Ott, Richard"]
[Result "1-0"]
[WhiteElo "1718"]
[BlackElo "1499"]
[PlyCount "71"]
[GameId "2160767910093103"]
[EventDate "2009.09.01"]
[EventType "swiss"]
[EventRounds "4"]
[EventCountry "CAN"]
[SourceTitle "EXT 2011"]
[Source "ChessBase"]
[SourceDate "2011.11.26"]
[SourceVersion "1"]
[SourceVersionDate "2011.11.26"]
[SourceQuality "1"]

1. e3 e5 2. f4 g6 3. fxe5 Bg7 4. Nf3 Nh6 5. d4 O-O 6. Bd3 c5 7. O-O Nc6 8. c3 d6 9. exd6 Qxd6 10. Na3 Bf5 11. e4 Bg4 12. d5 Bxf3 13. Qxf3 Ne5 14. Qh3 Nhg4 15. Bf4 Qb6 16. Nc4 Nxc4 17. Bxc4 Ne5 18. Bxe5 Bxe5 19. Rf2 Qd6 20. Raf1 a6 21. a4 Rab8 22. g3 b5 23. axb5 axb5 24. Be2 b4 25. g4 bxc3 26. bxc3 Rb3 27. Rf3 c4 28. Kh1 Rb2 29. R1f2 Qc5 30. Qf1 Qb6 31. Rxf7 Rxf7 32. Rxf7 Qb8 33. Re7 Rb1 34. Bd1 Bf4 35. d6 Qxd6 36. Qxc4+ 1-0

[Event "Winnipeg TNT September op"]
[Site "Winnipeg CAN"]
[Date "2009.09.15"]
[Round "2"]
[White "Lipnowski, Samuel"]
[Black "Boron, Anthony"]
[Result "1-0"]
[WhiteElo "2285"]
[BlackElo "1996"]
[PlyCount "111"]
[GameId "2160767910093104"]
[EventDate "2009.09.01"]
[EventType "swiss"]
[EventRounds "4"]
[EventCountry "CAN"]
[SourceTitle "EXT 2011"]
[Source "ChessBase"]
[SourceDate "2011.11.26"]
[SourceVersion "1"]
[SourceVersionDate "2011.11.26"]
[SourceQuality "1"]

1. e4 c5 2. Nf3 a6 3. a4 Nc6 4. Be2 d6 5. O-O Nf6 6. Nc3 g6 7. d4 cxd4 8. Nxd4 Nxd4 9. Qxd4 Bg7 10. Bg5 O-O 11. Qd2 Bd7 12. a5 Rc8 13. Be3 Bc6 14. Bb6 Qd7 15. f3 Qe6 16. Rfd1 Nd7 17. Bd4 Bxd4+ 18. Qxd4 Qf6 19. Qe3 Rfe8 20. Rab1 Nc5 21. b3 Ne6 22. Bf1 Qg5 23. Qxg5 Nxg5 24. Nd5 Bxd5 25. exd5 h6 26. c4 Kg7 27. b4 Nh7 28. Rbc1 Rc7 29. c5 dxc5 30. Rxc5 Rxc5 31. bxc5 Nf8 32. c6 bxc6 33. dxc6 Ne6 34. Bxa6 Ra8 35. Bc4 Rxa5 36. Bxe6 fxe6 37. Rc1 Ra8 38. Kf2 Kf6 39. Ke3 e5 40. Ke4 Ke6 41. c7 Kd7 42. Kxe5 Ra5+ 43. Kd4 Kc8 44. Rc6 Rg5 45. g4 h5 46. h4 Ra5 47. Rxg6 Kxc7 48. Ke4 Kd7 49. Kf4 Ra4+ 50. Kg5 hxg4 51. fxg4 Ra5+ 52. Kh6 Ke8 53. Kg7 Ra7 54. h5 e5+ 55. Kf6 e4 56. Rg8+ 1-0

[Event "Winnipeg TNT September op"]
[Site "Winnipeg CAN"]
[Date "2009.09.15"]
[Round "2"]
[White "Magnusson, Saul"]
[Black "Schulz, Waldemar"]
[Result "1-0"]
[WhiteElo "1648"]
[BlackElo "2000"]
[PlyCount "103"]
[GameId "2160767910093105"]
[EventDate "2009.09.01"]
[EventType "swiss"]
[EventRounds "4"]
[EventCountry "CAN"]
[SourceTitle "EXT 2011"]
[Source "ChessBase"]
[SourceDate "2011.11.26"]
[SourceVersion "1"]
[SourceVersionDate "2011.11.26"]
[SourceQuality "1"]

1. e4 c5 2. Nf3 e6 3. d4 cxd4 4. Nxd4 Nf6 5. Nc3 d6 6. Be2 a6 7. a4 Be7 8. O-O Qc7 9. Be3 O-O 10. f4 b6 11. Qe1 Bb7 12. Bf3 Nc6 13. Qg3 Rfe8 14. Rad1 Rac8 15. Kh1 Nb4 16. Rd2 Bf8 17. Rfd1 Kh8 18. f5 e5 19. Nb3 Bc6 20. Qf2 Nd7 21. Bh5 Nc5 22. Nxc5 bxc5 23. Qh4 Kg8 24. Ne2 Bxa4 25. b3 Nxc2 26. Bg5 Bxb3 27. Rd3 f6 28. Bxe8 fxg5 29. Qxg5 Rxe8 30. Rxb3 Nd4 31. Nxd4 exd4 32. Qh4 Be7 33. Qh5 Rb8 34. Rh3 h6 35. Qg6 Bf6 36. Rxh6 Kf8 37. Rh3 c4 38. g4 Qf7 39. Rh8+ Ke7 40. Qxf7+ Kxf7 41. Rxb8 c3 42. Rb7+ Kg8 43. Rc7 Be5 44. g5 d5 45. Rc5 Bf4 46. g6 Kf8 47. Rxd4 Be3 48. Rc8+ Ke7 49. Rxd5 Bd2 50. h4 Kf6 51. Rc6+ Ke7 52. Re6+ 1-0

[Event "Winnipeg TNT September op"]
[Site "Winnipeg CAN"]
[Date "2009.09.15"]
[Round "2"]
[White "Milord, Frank"]
[Black "Gibbons, Lorne"]
[Result "1-0"]
[WhiteElo "1630"]
[BlackElo "1294"]
[PlyCount "55"]
[GameId "2160767910093106"]
[EventDate "2009.09.01"]
[EventType "swiss"]
[EventRounds "4"]
[EventCountry "CAN"]
[SourceTitle "EXT 2011"]
[Source "ChessBase"]
[SourceDate "2011.11.26"]
[SourceVersion "1"]
[SourceVersionDate "2011.11.26"]
[SourceQuality "1"]

1. e4 c5 2. Nf3 Nc6 3. d4 cxd4 4. Nxd4 Nxd4 5. Qxd4 e6 6. Bc4 Ne7 7. Nc3 Nc6 8. Qe3 b6 9. O-O Bc5 10. Qg3 Bd4 11. Be3 Bf6 12. Rad1 a6 13. a3 Bb7 14. f4 Ne7 15. Bd3 g6 16. e5 Bg7 17. Ne4 Nf5 18. Nd6+ Nxd6 19. exd6 Bxb2 20. Rb1 Bxa3 21. Rxb6 Rb8 22. Bd4 f6 23. Bxg6+ Kf8 24. Qh4 Kg7 25. Qg3 hxg6 26. Rfb1 Qc8 27. Qxa3 Qxc2 28. Qb2 1-0

[Event "Winnipeg TNT September op"]
[Site "Winnipeg CAN"]
[Date "2009.09.15"]
[Round "2"]
[White "Trueman, Francis"]
[Black "Green, Jim"]
[Result "1/2-1/2"]
[WhiteElo "1474"]
[BlackElo "1762"]
[PlyCount "48"]
[GameId "2160767910093107"]
[EventDate "2009.09.01"]
[EventType "swiss"]
[EventRounds "4"]
[EventCountry "CAN"]
[SourceTitle "EXT 2011"]
[Source "ChessBase"]
[SourceDate "2011.11.26"]
[SourceVersion "1"]
[SourceVersionDate "2011.11.26"]
[SourceQuality "1"]

1. Nf3 d6 2. d3 e5 3. e4 f5 4. Nbd2 Nf6 5. c3 f4 6. Qb3 Qd7 7. Nc4 Nc6 8. Qc2 Qf7 9. Qb3 h6 10. g3 fxg3 11. hxg3 Nd7 12. Be2 Be7 13. Nh4 Nc5 14. Qd1 O-O 15. Nf5 Bxf5 16. exf5 Qxf5 17. Rh2 Bg5 18. Bxg5 Qxg5 19. Ne3 Ne7 20. Ng4 d5 21. Rh5 Qg6 22. Nxe5 Qd6 23. Ng4 Rf5 24. Ne3 Rxh5 1/2-1/2

[Event "Winnipeg TNT September op"]
[Site "Winnipeg CAN"]
[Date "2009.09.22"]
[Round "3"]
[White "Boron, Anthony"]
[Black "Milord, Frank"]
[Result "1-0"]
[WhiteElo "1996"]
[BlackElo "1630"]
[PlyCount "113"]
[GameId "2160767910093108"]
[EventDate "2009.09.01"]
[EventType "swiss"]
[EventRounds "4"]
[EventCountry "CAN"]
[SourceTitle "EXT 2011"]
[Source "ChessBase"]
[SourceDate "2011.11.26"]
[SourceVersion "1"]
[SourceVersionDate "2011.11.26"]
[SourceQuality "1"]

1. d4 d5 2. c4 c6 3. Nf3 Nf6 4. e3 e6 5. Bd3 Bd6 6. O-O Nbd7 7. Nbd2 O-O 8. b3 e5 9. cxd5 cxd5 10. dxe5 Nxe5 11. Be2 Bf5 12. Nd4 Bg6 13. f4 Nd3 14. f5 Qe7 15. fxg6 Qxe3+ 16. Kh1 Qxd4 17. gxh7+ Nxh7 18. Bxd3 Qxd3 19. Bb2 Bb4 20. Bxg7 Qxd2 21. Qg4 Qg5 22. Qxb4 Kxg7 23. Qxb7 Nf6 24. Rf3 Ne4 25. Raf1 Qh5 26. Qb4 Qe5 27. Rf5 Ng3+ 28. hxg3 Rh8+ 29. Kg1 Qe3+ 30. R5f2 d4 31. Qd2 Rhf8 32. Qxe3 dxe3 33. Re2 Rfe8 34. Rf3 Rad8 35. Rfxe3 Rxe3 36. Rxe3 Rd2 37. a4 Rb2 38. Kh2 Kg6 39. g4 Kg5 40. Kg3 f6 41. Rc3 a5 42. Rc5+ Kg6 43. Rb5 Kh6 44. Kh3 Kg6 45. Kg3 Kh6 46. Kf3 Kg6 47. g3 Kh6 48. Kf4 Rf2+ 49. Ke3 Rb2 50. Kf3 Kg6 51. Rb6 Kg5 52. Rb5+ Kg6 53. g5 f5 54. g4 fxg4+ 55. Kxg4 Rg2+ 56. Kf4 Rf2+ 57. Ke3 1-0

[Event "Winnipeg TNT September op"]
[Site "Winnipeg CAN"]
[Date "2009.09.22"]
[Round "3"]
[White "Green, Aaron"]
[Black "Lipnowski, Samuel"]
[Result "1-0"]
[WhiteElo "1901"]
[BlackElo "2285"]
[PlyCount "63"]
[GameId "2160767910093109"]
[EventDate "2009.09.01"]
[EventType "swiss"]
[EventRounds "4"]
[EventCountry "CAN"]
[SourceTitle "EXT 2011"]
[Source "ChessBase"]
[SourceDate "2011.11.26"]
[SourceVersion "1"]
[SourceVersionDate "2011.11.26"]
[SourceQuality "1"]

1. e4 c5 2. Nf3 d6 3. d4 cxd4 4. Nxd4 Nf6 5. Nc3 a6 6. Be2 Nc6 7. Be3 Bd7 8. O-O g6 9. f4 Bg7 10. f5 Ne5 11. g4 Bc6 12. Nxc6 bxc6 13. g5 Nfd7 14. h4 h6 15. fxg6 Nxg6 16. h5 Nge5 17. g6 fxg6 18. hxg6 Nf6 19. Bd4 Qa5 20. Rf5 e6 21. Bxe5 dxe5 22. Qd6 Qb6+ 23. Rf2 Ra7 24. Qxe6+ Kd8 25. Rd1+ Rd7 26. Rxd7+ Nxd7 27. Bg4 Nf6 28. Qd6+ Ke8 29. Kg2 Rf8 30. Qxe5+ Kd8 31. Rd2+ Nd5 32. Qd6+ 1-0

[Event "Winnipeg TNT September op"]
[Site "Winnipeg CAN"]
[Date "2009.09.22"]
[Round "3"]
[White "Green, Jim"]
[Black "Ott, Richard"]
[Result "1-0"]
[WhiteElo "1762"]
[BlackElo "1499"]
[PlyCount "67"]
[GameId "2160767910093110"]
[EventDate "2009.09.01"]
[EventType "swiss"]
[EventRounds "4"]
[EventCountry "CAN"]
[SourceTitle "EXT 2011"]
[Source "ChessBase"]
[SourceDate "2011.11.26"]
[SourceVersion "1"]
[SourceVersionDate "2011.11.26"]
[SourceQuality "1"]

1. e4 c5 2. Nf3 Nc6 3. Bb5 b6 4. Bxc6 dxc6 5. O-O Nf6 6. Re1 g6 7. h3 Bg7 8. d3 O-O 9. Nc3 Qc7 10. Bg5 Ba6 11. Qc1 Rfe8 12. e5 Nd5 13. Nxd5 cxd5 14. e6 d4 15. Bf4 Qc6 16. exf7+ Kxf7 17. Ne5+ Bxe5 18. Bxe5 Bb7 19. Re4 Ke6 20. Qf4 Kd7 21. Bg7 Qb5 22. Re2 Qxb2 23. Rae1 Qxa2 24. Qg4+ Kc6 25. Rxe7 Rxe7 26. Rxe7 Qd5 27. Re5 Qf7 28. Re6+ Kb5 29. c4+ Kb4 30. Bh6 Bc8 31. Bd2+ Ka3 32. Qd1 Bxe6 33. Qa1+ Kb3 34. Qb1+ 1-0

[Event "Winnipeg TNT September op"]
[Site "Winnipeg CAN"]
[Date "2009.09.22"]
[Round "3"]
[White "Green, Leah"]
[Black "Trueman, Francis"]
[Result "1-0"]
[WhiteElo "1242"]
[BlackElo "1474"]
[PlyCount "129"]
[GameId "2160767910093111"]
[EventDate "2009.09.01"]
[EventType "swiss"]
[EventRounds "4"]
[EventCountry "CAN"]
[SourceTitle "EXT 2011"]
[Source "ChessBase"]
[SourceDate "2011.11.26"]
[SourceVersion "1"]
[SourceVersionDate "2011.11.26"]
[SourceQuality "1"]

1. e4 d6 2. d4 Nf6 3. Nc3 g6 4. Nf3 Bg7 5. d5 O-O 6. Bc4 a5 7. h3 Nbd7 8. Be3 Nb6 9. Bxb6 cxb6 10. a4 Bd7 11. b3 Rc8 12. Qd2 b5 13. axb5 Nxe4 14. Nxe4 Bxa1 15. c3 Kg7 16. O-O Bxc3 17. Qxc3+ Kg8 18. Qe3 Kg7 19. Nfg5 a4 20. Qc3+ Kg8 21. bxa4 h6 22. Nf3 Qc7 23. Rc1 f5 24. Ned2 Ra8 25. Ra1 Kh7 26. Nd4 Rf6 27. Qe3 Re8 28. Ne6 Bxe6 29. dxe6 Rd8 30. Bd5 Ra8 31. Nc4 f4 32. Qd4 Rf5 33. Be4 Rc5 34. Bd5 Rf8 35. Rc1 Rf5 36. Be4 Rfe5 37. Bd3 Rxe6 38. Qxf4 Rf6 39. Qg3 d5 40. Qxc7 Rxc7 41. a5 dxc4 42. Bxc4 Rf4 43. a6 bxa6 44. Bg8+ Kxg8 45. Rxc7 axb5 46. Rxe7 Rb4 47. Rb7 Rb1+ 48. Kh2 b4 49. Kg3 Rb2 50. Kf3 b3 51. Ke3 h5 52. g4 hxg4 53. hxg4 Rb1 54. Kf4 b2 55. f3 Kf8 56. Kg5 Rf1 57. Rxb2 Rxf3 58. Kxg6 Re3 59. g5 Re7 60. Rb8+ Re8 61. Rxe8+ Kxe8 62. Kh7 Kf7 63. g6+ Kf6 64. g7 Kg5 65. g8=Q+ 1-0

[Event "Winnipeg TNT September op"]
[Site "Winnipeg CAN"]
[Date "2009.09.22"]
[Round "3"]
[White "Greenberg, Harley"]
[Black "Evans, Brian"]
[Result "0-1"]
[WhiteElo "1750"]
[BlackElo "1588"]
[PlyCount "34"]
[GameId "2160767910093112"]
[EventDate "2009.09.01"]
[EventType "swiss"]
[EventRounds "4"]
[EventCountry "CAN"]
[SourceTitle "EXT 2011"]
[Source "ChessBase"]
[SourceDate "2011.11.26"]
[SourceVersion "1"]
[SourceVersionDate "2011.11.26"]
[SourceQuality "1"]

1. e4 c5 2. Nf3 d6 3. d4 cxd4 4. Nxd4 Nf6 5. Nc3 a6 6. h3 e6 7. g4 Be7 8. Bg2 Qc7 9. O-O Nc6 10. Be3 O-O 11. g5 Ne8 12. h4 f6 13. Bh3 Nxd4 14. Bxd4 fxg5 15. hxg5 Bxg5 16. Qh5 Bf6 17. e5 dxe5 0-1

[Event "Winnipeg TNT September op"]
[Site "Winnipeg CAN"]
[Date "2009.09.22"]
[Round "3"]
[White "Pang, Michael"]
[Black "Lauritson, Jim"]
[Result "0-1"]
[WhiteElo "1696"]
[BlackElo "1923"]
[PlyCount "58"]
[GameId "2160767910093113"]
[EventDate "2009.09.01"]
[EventType "swiss"]
[EventRounds "4"]
[EventCountry "CAN"]
[SourceTitle "EXT 2011"]
[Source "ChessBase"]
[SourceDate "2011.11.26"]
[SourceVersion "1"]
[SourceVersionDate "2011.11.26"]
[SourceQuality "1"]

1. e4 c5 2. Nf3 e6 3. d4 cxd4 4. Nxd4 Nc6 5. Nc3 a6 6. Be3 Nf6 7. Qd2 Bb4 8. f3 Qa5 9. Nb3 Qc7 10. a3 Be7 11. O-O-O b5 12. Nd4 b4 13. axb4 Nxb4 14. Kb1 Rb8 15. Be2 O-O 16. g4 Rd8 17. h4 d5 18. e5 Nd7 19. f4 Nc5 20. h5 Qb7 21. Qc1 Bd7 22. f5 Na4 23. Nxa4 Bxa4 24. fxe6 fxe6 25. Bd3 Rdc8 26. Rh2 Bb5 27. Bxb5 axb5 28. b3 Ra8 29. c3 Ra6 0-1

[Event "Winnipeg TNT September op"]
[Site "Winnipeg CAN"]
[Date "2009.09.22"]
[Round "3"]
[White "Schulz, Waldemar"]
[Black "Lipic, Stephen"]
[Result "1/2-1/2"]
[WhiteElo "2000"]
[BlackElo "1718"]
[PlyCount "62"]
[GameId "2160767910093114"]
[EventDate "2009.09.01"]
[EventType "swiss"]
[EventRounds "4"]
[EventCountry "CAN"]
[SourceTitle "EXT 2011"]
[Source "ChessBase"]
[SourceDate "2011.11.26"]
[SourceVersion "1"]
[SourceVersionDate "2011.11.26"]
[SourceQuality "1"]

1. d4 c6 2. c4 e6 3. Nf3 d5 4. g3 f5 5. Bg2 Nf6 6. O-O Be7 7. Nc3 O-O 8. b3 Nbd7 9. Bb2 Ne4 10. Qc2 Ndf6 11. Ne5 Nd7 12. f3 Nxc3 13. Bxc3 Nf6 14. Qd2 Qe8 15. Bb4 Bxb4 16. Qxb4 Nd7 17. Nxd7 Qxd7 18. Rfd1 a5 19. Qd2 Qc7 20. Rac1 Rd8 21. Qc2 Qf7 22. e4 f4 23. e5 Rf8 24. Qf2 Qe7 25. Qd2 Qg5 26. Qf2 Bd7 27. g4 Qe7 28. Qd2 Be8 29. Bf1 h5 30. h3 Qh4 31. Qf2 Qe7 1/2-1/2

[Event "Winnipeg TNT September op"]
[Site "Winnipeg CAN"]
[Date "2009.09.22"]
[Round "3"]
[White "Swift, Ryne"]
[Black "Rutter, Blair"]
[Result "1/2-1/2"]
[WhiteElo "1831"]
[BlackElo "1878"]
[PlyCount "145"]
[GameId "2160767910093115"]
[EventDate "2009.09.01"]
[EventType "swiss"]
[EventRounds "4"]
[EventCountry "CAN"]
[SourceTitle "EXT 2011"]
[Source "ChessBase"]
[SourceDate "2011.11.26"]
[SourceVersion "1"]
[SourceVersionDate "2011.11.26"]
[SourceQuality "1"]

1. e4 e6 2. d4 d5 3. exd5 exd5 4. Nf3 Nf6 5. c3 Bg4 6. Be2 Bd6 7. Nbd2 O-O 8. O-O Nbd7 9. h3 Bh5 10. Re1 Re8 11. b3 c6 12. Bb2 h6 13. Qc2 Bg6 14. Bd3 Bxd3 15. Qxd3 Qc7 16. Rxe8+ Rxe8 17. Re1 Rxe1+ 18. Nxe1 Nf8 19. Nef3 Qe7 20. Kf1 Ng6 21. g3 Ne4 22. h4 Qe6 23. Ng1 f5 24. Kg2 f4 25. Nxe4 dxe4 26. Qc4 f3+ 27. Kf1 Qxc4+ 28. bxc4 b6 29. Ke1 Nf8 30. Kd2 Nd7 31. Ke3 Nf6 32. Nh3 Kf7 33. g4 Nxg4+ 34. Kxe4 Kf6 35. c5 bxc5 36. dxc5 Bxc5 37. c4+ Kf7 38. Kxf3 h5 39. Ng5+ Kg6 40. Ne4 Be7 41. Bd4 Bxh4 42. Bxa7 Ne5+ 43. Kg2 Nxc4 44. a4 Bd8 45. Nc5 Kf5 46. Nb7 Bc7 47. Bd4 g5 48. Bc3 g4 49. a5 h4 50. a6 h3+ 51. Kg1 Ke4 52. Na5 Nb6 53. Nxc6 Na8 54. Bf6 Bb6 55. Ne5 Kf5 56. Nd7 Ba7 57. Bh4 Nc7 58. Nf6 Nxa6 59. Nd5 Bd4 60. Kh2 Nc5 61. Bg3 Nd3 62. f3 gxf3 63. Kxh3 Ke4 64. Ne7 Bf2 65. Bxf2 Nxf2+ 66. Kg3 Nh1+ 67. Kh2 f2 68. Kg2 Ke3 69. Nf5+ Ke2 70. Nd4+ Ke1 71. Nf3+ Kd1 72. Kf1 Kc2 73. Nh2 1/2-1/2

[Event "Winnipeg TNT September op"]
[Site "Winnipeg CAN"]
[Date "2009.09.22"]
[Round "3"]
[White "Zaczek, Jonathon"]
[Black "Wasserman, Leor"]
[Result "1-0"]
[WhiteElo "2126"]
[BlackElo "1671"]
[PlyCount "39"]
[GameId "2160767910093116"]
[EventDate "2009.09.01"]
[EventType "swiss"]
[EventRounds "4"]
[EventCountry "CAN"]
[SourceTitle "EXT 2011"]
[Source "ChessBase"]
[SourceDate "2011.11.26"]
[SourceVersion "1"]
[SourceVersionDate "2011.11.26"]
[SourceQuality "1"]

1. e4 c5 2. Nf3 d6 3. d4 cxd4 4. Nxd4 Nf6 5. Nc3 g6 6. Be3 Bg7 7. f3 O-O 8. Qd2 Bd7 9. Bc4 Qc7 10. Bb3 a6 11. h4 h5 12. g4 hxg4 13. h5 Nxh5 14. Bh6 Nc6 15. Bxg7 Kxg7 16. Rxh5 gxh5 17. Qg5+ Kh8 18. Qxh5+ Kg7 19. Qg5+ Kh8 20. O-O-O 1-0

[Event "Winnipeg TNT September op"]
[Site "Winnipeg CAN"]
[Date "2009.09.29"]
[Round "4"]
[White "Boron, Anthony"]
[Black "Zaczek, Jonathon"]
[Result "0-1"]
[WhiteElo "1996"]
[BlackElo "2126"]
[PlyCount "84"]
[GameId "2160767910093117"]
[EventDate "2009.09.01"]
[EventType "swiss"]
[EventRounds "4"]
[EventCountry "CAN"]
[SourceTitle "EXT 2011"]
[Source "ChessBase"]
[SourceDate "2011.11.26"]
[SourceVersion "1"]
[SourceVersionDate "2011.11.26"]
[SourceQuality "1"]

1. d4 Nf6 2. Bg5 Ne4 3. Bf4 c5 4. d5 d6 5. f3 Nf6 6. e4 e6 7. Nc3 Be7 8. a4 O-O 9. Bc4 e5 10. Be3 Ne8 11. g4 Bh4+ 12. Kd2 g6 13. Nge2 Ng7 14. Ng3 f5 15. gxf5 gxf5 16. exf5 Bg5 17. Qe2 Kh8 18. Nce4 Bxe3+ 19. Qxe3 Bxf5 20. Bd3 Qe7 21. Rhg1 Nd7 22. a5 Nf6 23. c4 Bxe4 24. Bxe4 Nxe4+ 25. fxe4 Qh4 26. Rg2 Rf4 27. Re1 Raf8 28. Ree2 Qf6 29. Kc2 h5 30. Rd2 Rf3 31. Qg1 Qf4 32. Rge2 Qg4 33. Re3 R8f4 34. h3 Qxh3 35. Rxf3 Rxf3 36. Rg2 Qg4 37. Kc1 Qf4+ 38. Kb1 h4 39. Nh5 Rf1+ 40. Ka2 Rxg1 41. Nxf4 Rxg2 42. Nxg2 h3 0-1

[Event "Winnipeg TNT September op"]
[Site "Winnipeg CAN"]
[Date "2009.09.29"]
[Round "4"]
[White "Greenberg, Harley"]
[Black "Green, Jim"]
[Result "0-1"]
[WhiteElo "1750"]
[BlackElo "1762"]
[PlyCount "82"]
[GameId "2160767910093118"]
[EventDate "2009.09.01"]
[EventType "swiss"]
[EventRounds "4"]
[EventCountry "CAN"]
[SourceTitle "EXT 2011"]
[Source "ChessBase"]
[SourceDate "2011.11.26"]
[SourceVersion "1"]
[SourceVersionDate "2011.11.26"]
[SourceQuality "1"]

1. e4 d6 2. d4 Nf6 3. Nc3 e5 4. Nf3 exd4 5. Qxd4 Nc6 6. Bb5 Bd7 7. Bxc6 Bxc6 8. O-O Be7 9. h3 O-O 10. Bf4 Nh5 11. Bh2 Bf6 12. e5 Bxf3 13. exf6 Bc6 14. fxg7 Nxg7 15. Rad1 Qg5 16. Qg4 Qxg4 17. hxg4 Ne6 18. Nd5 Kg7 19. f4 Bxd5 20. Rxd5 f6 21. b4 Rae8 22. c4 b6 23. Re1 Nd8 24. Rdd1 Nf7 25. c5 Rxe1+ 26. Rxe1 Nh6 27. cxd6 cxd6 28. f5 d5 29. b5 Kf7 30. Bd6 Re8 31. Rxe8 Kxe8 32. Bb8 Kd7 33. Kf1 Nxg4 34. Ke2 Nh6 35. Kd3 Nxf5 36. g4 Nh6 37. Kd4 Kc8 38. Bf4 Nxg4 39. Kxd5 h5 40. Ke6 Nf2 41. Kxf6 Ne4+ 0-1

[Event "Winnipeg TNT September op"]
[Site "Winnipeg CAN"]
[Date "2009.09.29"]
[Round "4"]
[White "Lipic, Stephen"]
[Black "Magnusson, Saul"]
[Result "0-1"]
[WhiteElo "1718"]
[BlackElo "1648"]
[PlyCount "33"]
[GameId "2160767910093119"]
[EventDate "2009.09.01"]
[EventType "swiss"]
[EventRounds "4"]
[EventCountry "CAN"]
[SourceTitle "EXT 2011"]
[Source "ChessBase"]
[SourceDate "2011.11.26"]
[SourceVersion "1"]
[SourceVersionDate "2011.11.26"]
[SourceQuality "1"]

1. f4 d6 2. Nf3 Nc6 3. g3 e5 4. d3 Nf6 5. h3 Nh5 6. Rg1 Be7 7. e3 exf4 8. exf4 O-O 9. Be3 Re8 10. Qd2 d5 11. d4 Nf6 12. c3 Bf5 13. g4 Ne4 14. Qh2 Bh4+ 15. Nxh4 Qxh4+ 16. Ke2 Nxc3+ 17. Kd2 0-1

[Event "Winnipeg TNT September op"]
[Site "Winnipeg CAN"]
[Date "2009.09.29"]
[Round "4"]
[White "Lipnowski, Samuel"]
[Black "Rutter, Blair"]
[Result "0-1"]
[WhiteElo "2285"]
[BlackElo "1878"]
[PlyCount "70"]
[GameId "2160767910093120"]
[EventDate "2009.09.01"]
[EventType "swiss"]
[EventRounds "4"]
[EventCountry "CAN"]
[SourceTitle "EXT 2011"]
[Source "ChessBase"]
[SourceDate "2011.11.26"]
[SourceVersion "1"]
[SourceVersionDate "2011.11.26"]
[SourceQuality "1"]

1. e4 e6 2. Qh5 Nc6 3. Nf3 Nf6 4. Qh4 Be7 5. e5 Nd5 6. Qg4 O-O 7. d4 f5 8. Qg3 d6 9. Bh6 Rf7 10. Ng5 Bxg5 11. Bxg5 Qf8 12. exd6 Nxd4 13. Na3 f4 14. Qd3 e5 15. c3 Bf5 16. Qd2 h6 17. Be7 Nxe7 18. dxe7 Rxe7 19. cxd4 exd4+ 20. Kd1 d3 21. Qxf4 Re4 22. Qxc7 Bg4+ 23. f3 Bxf3+ 24. gxf3 Qxf3+ 25. Kd2 Qe3+ 26. Kc3 Qd4+ 27. Kd2 Qxb2+ 28. Nc2 dxc2 29. Bc4+ Kh8 30. Rac1 Rd4+ 31. Bd3 Rad8 32. Qc3 Qb5 33. Kxc2 Rxd3 34. Qxd3 Qxd3+ 35. Kb2 Qb5+ 0-1

[Event "Winnipeg TNT September op"]
[Site "Winnipeg CAN"]
[Date "2009.09.29"]
[Round "4"]
[White "Milord, Frank"]
[Black "Green, Leah"]
[Result "1-0"]
[WhiteElo "1630"]
[BlackElo "1242"]
[PlyCount "48"]
[GameId "2160767910093121"]
[EventDate "2009.09.01"]
[EventType "swiss"]
[EventRounds "4"]
[EventCountry "CAN"]
[SourceTitle "EXT 2011"]
[Source "ChessBase"]
[SourceDate "2011.11.26"]
[SourceVersion "1"]
[SourceVersionDate "2011.11.26"]
[SourceQuality "1"]

1. e4 e5 2. Nf3 Nc6 3. Bb5 d6 4. O-O Bd7 5. c3 Nf6 6. Re1 a6 7. Ba4 b5 8. Bc2 Bg4 9. a4 Be7 10. h3 Bh5 11. d3 d5 12. Qe2 d4 13. g4 Bg6 14. Nfd2 Nd7 15. Nf1 O-O 16. Ng3 h6 17. Kg2 Bh7 18. Nf5 Bxf5 19. exf5 f6 20. Qe4 Na5 21. axb5 Nc5 22. Qe2 axb5 23. b4 Nab3 24. Rxa8 Qxa8+ 1-0